| 000 | 00628nam a2200241Ia 4500 | ||
|---|---|---|---|
| 001 | 7660 | ||
| 005 | 20240113234028.0 | ||
| 007 | ta | ||
| 008 | 050711s1969 g b000 u hin u | ||
| 020 | _cHB | ||
| 040 | _aCotton College Assam | ||
| 041 | _ahin | ||
| 082 |
_a891.43109 _bSa 97 K |
||
| 100 | _aSaksena, Dwarika Prasad . | ||
| 245 | 0 |
_aKamayani-Bhashya / _cDwarika Prasad Saksena. _hTextual Documents |
|
| 250 | _a2nd ed / | ||
| 260 |
_aAgra : _bBinod pustak mandir , _c1969. |
||
| 300 |
_a949p. ; _c22cm.. |
||
| 653 | _aHindi Poem-Analysis | ||
| 942 |
_2ddc _cBK |
||
| 999 |
_c7647 _d7647 |
||